00615nam a2200193Ia 4500008004100000020001500041082001800056100001800074245004500092250000700137260003500144300002500179500001900204600003400223650001500257942000700272952012700279999001500406240925s9999 xx 000 0 und d a2950719007 a621.38456 MOU aMouly, Michel 4aThe GSM System for Mobile Communications aNA aPalaiseau:bCell & Sysc,1992. a455p.bNAfPhotocopy aIncludes Index aTelecommunication Engineering aTechnology cBK 001040708ELaUITUbUITUd2005-07-14eOK Photostatg433.00l0o621.38456 MOUpQ6265r2024-09-25 07:14:09w2024-09-25yBK c8764d8764